Los retos de la integración centroaméricana / Luis René Cáceras
Al hacer un balance de los resultados del programa centroamericano de integración, a casi cinco decenios de su fundación, son evidentes, según el autor, los beneficios económicos que ha traído a los países miembros pero también lo son los insuficientes avances en los ámbitos institucionales y socia...
Sábháilte in:
| Príomhchruthaitheoir: | |
|---|---|
| Formáid: | Téacs |
| Ábhair: | |
| Clibeanna: |
Cuir clib leis
Níl clibeanna ann, Bí ar an gcéad duine le clib a chur leis an taifead seo!
|
MARC
| LEADER | 00000 a a2200000 04500 | ||
|---|---|---|---|
| 001 | 3622 | ||
| 003 | |||
| 040 | |||
| 100 | |a Cáceras, Luis René | ||
| 245 | |a Los retos de la integración centroaméricana / |b Luis René Cáceras | ||
| 520 | |a Al hacer un balance de los resultados del programa centroamericano de integración, a casi cinco decenios de su fundación, son evidentes, según el autor, los beneficios económicos que ha traído a los países miembros |a pero también lo son los insuficientes avances en los ámbitos institucionales y social, que requieren ser fortalecidos a partir de un desarrollo social con visión regional | ||
| 650 | |a INTEGRACION REGIONAL | ||
| 650 | |a AMERICA CENTRAL | ||
| 650 | |a ASPECTOS ECONOMICOS | ||
| 650 | |a ASPECTOS SOCIALES | ||
| 650 | |a COMERCIO | ||
| 773 | |g volumen 57, número 1; páginas 55-68 | ||
| 999 | |c 22079 |d 22079 | ||
